Statistics for 3-Word Celebrity Hints

Click here to take the quiz!

General Stats

  • This quiz has been taken 43 times
  • The average score is 8 of 15

Answer Stats

HintAnswer% Correct
Chef, TV, ProfanitiesGordon Ramsay
82%
Scandalous, Lesbian, HostEllen Degeneres
77%
Priyanka, Chains, JumanjiNick Jonas
72%
Sherlock, Strange, BritishBenedict Cumberbatch
69%
Krasinski, Poppins, SicarioEmily Blunt
64%
Rihanna, Passionfruit, CanadaDrake
59%
Goop, Apple, ShakespeareGwyneth Paltrow
56%
Billionaire, Lips, StormiKylie Jenner
54%
Voice, God, FrecklesMorgan Freeman
51%
Burgundy, Buddy, BladesWill Ferrell
49%
Cook, Author, CriminalMartha Stewart
46%
Gambino, Community, RapDonald Glover
44%
Model, Naomi, FeudTyra Banks
33%
Hot, Not, HeirParis Hilton
31%
Magneto, Gandalf, TheatreIan McKellan
23%

Score Distribution

Percentile by Number Answered

Percent of People with Each Score

Your Score History

You have not taken this quiz